Statystyki dla Stolice z najmniejszą liczbą ludności

Kliknij tutaj aby rozwiązać quiz!

Ogólne statystyki

  • Ten quiz został rozwiązany 21 razy
  • Średni wynik to 4 z 10

Statystyki odpowiedzi

Liczba ludnościStolica% Poprawnych
825Watykan
90%
4214San Marino
81%
5741Vaduz
76%
5827Valletta
43%
632Yaren
38%
391Ngerulmud
14%
638Vaiaku
14%
8899Castries
10%
6674Palikir
5%
5796Saint George's
5%

Rozkład punktacji

Percentyl według liczby udzielonych odpowiedzi

Procent ludzi z każdym wynikiem

Twoja historia wyników

Nie rozwiązałeś tego quizu